Biblioteca

Prophetic lament : (Registro nro. 68778)

Detalles MARC
000 -LÍDER
Campo fijo de descripción fija 01774nam a2200313 i 4500
001 - NÚMERO DE CONTROL
Campo de control 768714001
003 - IDENTIFICADOR DEL NÚMERO DE CONTROL
Campo de control CO-MdFUSB
005 - FECHA Y HORA DE LA ULTIMA TRANSACCIÓN
control field 20230427103652.0
007 - CAMPO FIJO DE DESCRIPCIÓN FIJA--INFORMACIÓN GENERAL
Campo fijo de descripción fija ta
008 - ELEMENTOS DE LONGITUD FIJA -- INFORMACIÓN GENERAL
Campo fijo de descripción fija -- Información general 150611t2015 ilu ob 000 | eng
020 ## - NÚMERO INTERNACIONAL NORMALIZADO PARA LIBROS
Número Internacional Normalizado del libro 9780830836949
040 ## - FUENTE DE CATALOGACIÓN
Agencia de catalogación original DLC
Idioma de catalogación eng
Agencia que realiza la transcripción CO-MdFUSB
Agencia que realiza la modificación CO-MdFUSB
041 ## - CÓDIGO DE IDIOMA
Código de idioma para texto/pista de sonido o título separado eng
082 ## - NÚMERO DE CLASIFICACIÓN DECIMAL DEWEY
Número de la edición del Dewey 23
Número de clasificación 224.307
Clave de autor-Numero de item R147p
100 1# - ASIENTO PRINCIPAL--NOMBRE PERSONAL
Nombre personal Rah, Soong-Chan
Término relacionador autor
245 10 - TÍTULO
Título del Material Prophetic lament :
Parte restante del título - Subtitulo a call for justice in troubled times
Mención de responsabilidad, etc. / Soong-Chan Rah
264 #1 - PRODUCCIÓN, PUBLICACIÓN, DISTRIBUCIÓN, MANUFACTURA, Y COPYRIGHT
Lugar de producción, publicación, distribución, manufactura Downers Grove :
Nombre del productor, publicador, distribuidor InterVarsity Press,
Fecha de producción, publicación, distribución, manufactura, o copyright [2015]
264 #4 - PRODUCCIÓN, PUBLICACIÓN, DISTRIBUCIÓN, MANUFACTURA, Y COPYRIGHT
Fecha de producción, publicación, distribución, manufactura, o copyright © 2015
300 ## - DESCRIPCIÓN FÍSICA
Extensión 224 páginas ;
Dimensiones 22 cm
336 ## - TIPO DE CONTENIDO
Fuente rdacontent
Término de tipo de contenido texto
Código de tipo de contenido txt
337 ## - TIPO DE MEDIO
Fuente rdamedia
Nombre del tipo de medio sin mediación
Código del tipo de medio n
338 ## - TIPO DE SOPORTE
Fuente rdacarrier
Nombre del tipo de soporte volumen
Código Tipo de soporte nc
505 ## - NOTA DE CONTENIDO
Nota de contenido con formato preestablecido Introducción: Un Llamado al Lamento -- Lamentaciones 1 -- La realidad del sufrimiento y la muerte: el contexto histórico de las lamentaciones -- El canto fúnebre: el género del lamento -- Voces de vergüenza silenciadas: Lamentaciones 1:1-22 -- Lamentaciones 2 -- Dios es Fiel: Lamentaciones 2:1-8 -- Lamento por una ciudad: Lamentaciones 2:1-9 -- Privilegio y Excepcionalismo: Lamentaciones 2:6-9 -- Se escuchan todas las voces: Lamentaciones 2:10-22 -- Lamentaciones 3 Una estructura para el lamento: El uso del acróstico en Lamentaciones -- Todo es personal: Lamentaciones 3 -- Un rayo de esperanza: Lamentaciones 3:21-60 -- Lamentaciones 4; 11 Persistiendo en el Lamento: Una Recapitulación de Lamentaciones -- Un mundo quebrantado: Lamentaciones 4:3-16 -- Lamentaciones 5 -- Un lamento por sí mismos: Lamentaciones 5 -- Terminación en clave menor -- Conclusión
563 ## - NOTA DE ENCUADERNACIÓN
Nota de encuadernación Rustico
630 07 - TITULO UNIFORME
Título uniforme Biblia.
Nombre de parte o sección de la obra Lamentaciones
Subdivisión de materia general Crítica, interpretación, etc.
942 ## - TIPO DE MATERIAL (KOHA)
Tipo de Item KOHA Libros General
945 ## - INFORMACIÓN LOCAL DEL REGISTRO
Catalogador Mag 1104
Existencias
Estado de Material Estado de Perdido Forma de Clasificación Estado de Dañado No para Préstamo Colección Biblioteca de Origen Biblioteca Permanente Fecha de Adquisición Área Total de Préstamos Signatura Topográfica Código de Barras Última vez visto Ejemplar/Existencia Fecha de Remplazo Tipo de Material
    Dewey Decimal Classification     Colección General Biblioteca FUSBC Biblioteca FUSBC 27/04/2023 BIBLIA   G 224.307 R147p 24019 27/04/2023 Ej. 1 27/04/2023 Libros General

Biblioteca FUSBC | Teléfono: (57+4) 349 88 10 Ext. 141| WhatsApp (+57) 3005338115 
E-mail: biblioteca@unisbc.edu.co | Calle 76 87-14 Robledo Palenque, Medellín, Colombia

Con tecnología Koha